La sinfonía : su evolución y su estructura / (Record no. 11188)

000 -CABECERA
fixed length control field 00926nam a22002177a 4500
003 - IDENTIFICADOR DEL NÚMERO DE CONTROL
control field AR-CdUCM
008 - DATOS DE LONGITUD FIJA--INFORMACIÓN GENERAL
fixed length control field 190403b ||||| |||| 00| 0 spa d
040 ## - FUENTE DE LA CATALOGACIÓN
Agencia/entidad que catalogó originalmente la obra MUNICIPALIDAD PROVINCIAL DEL CUSCO
Entidad que transcribió la catalogación BIBLIOTECA MUNICIPAL DEL CUSCO
082 ## - NÚMERO DE LA CLASIFICACIÓN DECIMAL DEWEY
No. de Clasificación 784.184 /
Notacion interna L53 / 1943
100 ## - ENTRADA PRINCIPAL--NOMBRE DE PERSONA
Nombre Personal Leuchter, Erwin,
245 ## - MENCIÓN DE TÍTULO
Título La sinfonía : su evolución y su estructura /
260 ## - PUBLICACIÓN, DISTRIBUCIÓN, ETC.
Lugar de publicación, distribución, etc. Rosario, Argentina :
Nombre de la editorial, distribuidor, etc. Dirección Municipal de Cultura,
Fecha de publicación, distribución, etc. 1943.
300 ## - DESCRIPCIÓN FÍSICA
Nº de Páginas Extensión 146 paginas ;
Otros detalles físicos Cuadros de pentagramas,
Dimensiones 23 cm.
505 ## - NOTA DE CONTENIDO CON FORMATO
Nota de contenido formateada Contenido : Los antecedentes históricos de la sinfonía -- La estructura formal de la sinfonía -- El aspecto sonoro de la sinfonía -- La evolución de la sinfonía desde 1750 hasta afines del siglo XIX.
650 ## - PUNTO DE ACCESO ADICIONAL DE MATERIA--TÉRMINO DE MATERIA
Descriptor Sinfonia
9 (RLIN) 28414
650 ## - PUNTO DE ACCESO ADICIONAL DE MATERIA--TÉRMINO DE MATERIA
Descriptor Instrumentos musicales
9 (RLIN) 5853
650 ## - PUNTO DE ACCESO ADICIONAL DE MATERIA--TÉRMINO DE MATERIA
Descriptor Monotematica
9 (RLIN) 28415
650 ## - PUNTO DE ACCESO ADICIONAL DE MATERIA--TÉRMINO DE MATERIA
Descriptor Sonido instrumental
9 (RLIN) 28416
942 ## - ELEMENTOS DE PUNTO DE ACCESO ADICIONAL (KOHA)
Fuente de clasificación
Tipo de item Libros-BMC
945 ## - PROCESAMIENTO DE INFORMACIÓN LOCAL (OCLC)
Catalogador wnts
Holdings
Estado de retiro (separado) Fuente de clasificación o esquema de estanterías Estado dañado Ubicación Sala donde se ubica Nombre de la colección Fecha de adquisición o compra Costo, precio normal en soles Signatura topográfica Código de Barras Última vez visto (Koha) Tipo de ítem (Koha)
No     Sala Cusco Antiguo Sala Cusco Antiguo Book Cart 2019-04-03 60.00 784.184 / L53 / 1943 SCA0001379 2019-04-03 Libros-BMC

Powered by Koha